00922nam a22002417a 45000010005000000030006000050050017000110080041000280200018000690400029000870500013001160820010001291000020001392450146001592600039003053000044003445050008003885200177003965210020005735210020005936500034006137000033006475100FISKH20241106095925.0241106b cb ||||| |||| 00| 0 eng d a9780545622554 aFISKHbengcFISKHdFISKH aE208.S49 a973.3 aSheinkin, Steve aKing George: What Was His Problem? :bThe Whole Hilarious Story of the American Revolution /cby Steve Sheinkin : illustrated by Tim Robinson aNew York : bScholastic ;c2005 .  a195 pages : billustrations ;c22 cm .  aV  aWhat do the most famous traitor in history, hundreds of naked soldiers, and a salmon lunch have in common? They're all part of the amazing story of the American Revolution.8 a880 bLexile 8 aV bRaz-Plus  aAmerican historyvnon-fiction aRobinson, Tim eillustrator